000
00341nam a2200145Ia 4500
005
20251222143128.0
008
251222s9999||||xx |||||||||||||| ||spa||
020
_a
8477200920
082
_a
242.2/M42
100
_a
Mendiola, José María
245
0
_a
Encontrar a Dios
250
_a
1ra.ed.
264
_b
Ediciones Obelisco
942
_c
LIB
999
_c
11792
_d
11792